Pokémon - Les attaques de Darumacho - Statistiques

Statistiques générales
  • Ce quiz a été pris 20 fois
  • Le résultat moyen est 10 sur 15
Statistiques - réponses
Niveaux Types Noms des attaques % Correct
Niveau 44 Feu Boutefeu
91%
Départ Feu Flammèche
91%
Départ Normal Charge
82%
Niveau 20 Feu Crocs Feu
82%
Niveau 56 Combat Surpuissance
82%
Niveau 12 Feu Calcination
73%
Niveau 28 Feu Poing Feu
73%
Niveau 24 Normal Coup d'Boule
64%
Départ Évolution Combat Marto-Poing
64%
Départ Ténèbres Morsure
64%
Départ Ténèbres Provoc
64%
Niveau 38 Normal Cognobidon
45%
Niveau 50 Normal Mania
45%
Niveau 32 Normal Brouhaha
27%
Niveau 16 Normal Rengorgement
18%
Aucun quiz correspondant
Distribution des résultats
% des personnes avec chaque résultat
Percentile par nombre de réponses
Votre historique - résultats
Vous n’avez pas pris ce quiz